Výber vhodného cloudového riešenia pre začínajúcu firmu bakalárska práca

Uložené v:
Podrobná bibliografia
Hlavný autor: Chmelík, Michal
Korporativný autor: Fakulta hospodárskej informatiky EU. Katedra aplikovanej informatiky
Ďalší autori: Sojka, Pavol, 1978-
Médium: Kniha
Jazyk:Slovak
Vydavateľské údaje: Bratislava 2020
Tagy: Pridať tag
Žiadne tagy, Buďte prvý, kto otaguje tento záznam!

MARC

LEADER 00000nbm a2200000 4500
001 0264604
005 20210510105504.1
041 0 |a slo 
044 |a SK 
245 1 0 |a Výber vhodného cloudového riešenia pre začínajúcu firmu  |b bakalárska práca  |c Michal Chmelík ; školiteľ: Pavol Sojka 
264 1 |a Bratislava  |c 2020 
300 |a 42 s. 
100 1 |a Chmelík, Michal 
700 1 |a Sojka, Pavol, 1978- 
710 2 |a Fakulta hospodárskej informatiky EU. Katedra aplikovanej informatiky